000 01168nas a2200385 4500
001 BR0700406
003 BR-BrBNA
005 20231205110513.0
007 ta
008 230509b bl.|||p| |||| 00| 00por d
040 _aBR-BrBNA
_bpor
_cBiblioteca Nacional de Agricultura
041 _a(Pt)
072 _aL73; P10
100 1 _aSalvador, R.
100 1 _aMüller, E.E.
100 1 _aLeonhardt, J.H.
100 1 _aPretto-Giordano, L.G.
100 1 _aDias, J.A.
100 1 _aFreitas, J.C. de
100 1 _aMoreno, A.M.
245 1 _aIsolamento de Streptococcus spp de tilápias do nilo (Oreochromis niloticus)e qualidade da água de tanques rede na Região Norte do Estado do Paraná, Brasil
650 _aTILÁPIA NILÓTICA
650 _aOREOCHROMIS NILOTICUS
650 _aBACTÉRIA
650 _aQUALIDADE DA ÁGUA
650 _aTANQUE
650 _aCRIAÇÃO INTENSIVA
650 _aMORTALIDADE ANIMAL
650 _aTEMPERATURA
650 _aPH
650 _aPARANÁ
773 0 _tSemina (Brazil)
_xISSN 1676-546X
_g(Jan-Jun 2003), v. 24(1) p. 35-42
_wBR0700406
909 _a202311
_bLúcia
_c55
_dLúcia Elande
942 _2AGRIS
_n0
_cANA
999 _c187651
_d187651